| 000 | 01128nam a22002775a 4500 | ||
|---|---|---|---|
| 999 |
_c25987 _d25959 |
||
| 003 | EG-ScBUE | ||
| 005 | 20190616140741.0 | ||
| 008 | 180122s2017 ua grb 000 0dara d | ||
| 017 | _a2017 / 16355 | ||
| 020 | _a9789774524377 | ||
| 040 |
_aEG-ScBUE _bara _cEG-ScBUE |
||
| 082 | 0 | 4 |
_a361.75 _bت ا د _222 |
| 100 | 1 |
_aتادرس، رمزي، _d1951-1878. |
|
| 245 | 1 | 2 |
_aالجمعيات القبطية ومدى اتساع أعمالها / _cرمزي تادرس ؛ تقديم عاصم الدسوقي ؛ دراسة وتعليق رامي عطا. |
| 260 |
_aالإسكندرية : _bمكتبة الإسكندرية، _c2017. |
||
| 300 |
_a111 ص. ؛ _c24 سم. |
||
| 490 | 0 |
_aسلسلة كراسات قبطية ؛ _v10 |
|
| 504 | _aيشتمل على إرجاعات ببليوجرافية. | ||
| 541 |
_aأ. محمد فريد خميس ؛ _cإهداء ؛ |
||
| 650 | 7 |
_aالجمعيات الدينية المسيحية. _2BUEsh |
|
| 651 | _2BUEsh | ||
| 653 |
_bGGEN _cJanuary2018 _cJune2019 |
||
| 700 | 1 |
_aدسوقي، عاصم، _eمقدم. |
|
| 700 | 1 |
_aصديق، رامي عطا، _d1977- _eمعلق. |
|
| 942 | _2ddc | ||